| 000 | 01095cam a22003011 4500 | ||
|---|---|---|---|
| 001 | 20596 | ||
| 003 | BD-RjUL | ||
| 005 | 20211209000603.0 | ||
| 008 | 140301s1959 enkc b 000 0aeng | ||
| 035 | _a(BD-RjUL)20658 | ||
| 035 | _a(OCoLC)263119 | ||
| 040 |
_aDLC _cOTifH _dOCoLC _dOYU _dOCoLC _dDLC _dBD-RjUL _beng |
||
| 041 | _aeng | ||
| 082 |
_a928.2 _bCOC |
||
| 100 | 1 |
_aColeridge, Samuel Taylor, _d1772-1834. _963542 |
|
| 245 | 1 | 0 |
_aCollected letters / _cedited by Earl Leslie Griggs. _nVolume III _p1801-1814 |
| 260 |
_aOxford : _bClarendon Press, _c1959. |
||
| 300 |
_alii, 955 p. : _bports. ; _c23 cm. |
||
| 504 | _aIncludes bibliographical references. | ||
| 505 | 0 | _av. 1. 1785-1800.--v. 2. 1801-1806.--v. 3. 1807-1814.--v. 4. 1815-1819.--v. 5. 1820-1825.--v. 6. 1826-1834. | |
| 600 | 1 | 0 |
_aColeridge, Samuel Taylor, _d1772-1834 _963562 |
| 650 | 0 |
_aPoets, English _y19th century _vCorrespondence. _963353 |
|
| 650 | 0 |
_aCritics _zGreat Britain _vCorrespondence. _963545 |
|
| 700 | 1 |
_aGriggs, Earl Leslie, _eed. _963546 |
|
| 942 |
_2ddc _cBK |
||
| 999 |
_c20596 _d20596 |
||